000 01288cam a22003134a 4500
999 _c26967
_d26967
001 14076822
005 20170207100058.0
008 050816s2005 ne ab b 001 0 eng
010 _a 2005280187
020 _a9004144404 (alk. paper)
050 0 0 _aN7321 .W66 2005
100 1 _aWoodward, Hiram W.
245 1 4 _aThe art and architecture of Thailand :
_bfrom prehistoric times through the thirteenth century /
_cby Hiram Woodward.
250 _a2nd ed.
260 _aLeiden ;
_aBoston :
_bBrill,
_c2005.
300 _axix, 277 p. :
_bill., maps ;
_c25 cm.
490 1 _aHandbook of oriental studies. Section 3, South-East Asia,
_x0169-9571 ;
_vv. 14 =
_aHandbuch der Orientalistik
504 _aIncludes bibliographical references (p. [237]-263) and index.
650 0 _aArt, Thai.
650 0 _aArchitecture
_zThailand
_xHistory.
830 0 _aHandbuch der Orientalistik.
_nDritte Abteilung,
_pSüdostasien ;
_v14. Bd.
942 _2lcc
_cBOOKS